Local Government Reforms in Tanzania (Record no. 4440)

MARC details
005 - DATE AND TIME OF LATEST TRANSACTION
control field 20250619151136.0
020 ## - INTERNATIONAL STANDARD BOOK NUMBER
International Standard Book Number 978-9987-14-020-6
082 ## - DEWEY DECIMAL CLASSIFICATION NUMBER
Classification number 336.04 WAR
100 ## - MAIN ENTRY--PERSONAL NAME
Author name WARIOBA, M. D.
245 ## - TITLE STATEMENT
Title Local Government Reforms in Tanzania
260 ## - PUBLICATION, DISTRIBUTION, ETC.
Place of publication, distribution, etc. Mzumbe,
Name of publisher, distributor, etc. Mzumbe University,
Date of publication, distribution, etc. 2012.
300 ## - PHYSICAL DESCRIPTION
Extent xviii, 150p.: Ill.;figures & table.
Other physical details Bibliographical references
Dimensions 19cm.
700 ## - ADDED ENTRY--PERSONAL NAME
Other authors/Editors WARIOBA, L.
942 ## - ADDED ENTRY ELEMENTS (KOHA)
Source of classification or shelving scheme Dewey Decimal Classification
Koha item type Books
Holdings
Date last seen Total checkouts Full call number Barcode Cost, replacement price Price effective from Koha item type Lost status Source of classification or shelving scheme Damaged status Not for loan Withdrawn status Home library Current library Shelving location Date acquired Cost, normal purchase price
06/19/2025   336.04 WAR 00000013210 90000.00 06/19/2025 Books   Dewey Decimal Classification       College of Business Education Main Library College of Business Education Main Library General Collection 04/04/2025 30000.00